Well, Technically Speaking... Quiz Stats

 Plays Quiz Updated Aug 7, 2018

Challenge
Share
Tweet
Embed
Score 0/24 Timer 04:00
0 Plays Today
Technically, this is not actually Answer % Correct
a color.
It is the absence of light
Black
96.7%
a planet.
In 2006 it was reclassified as a 'dwarf planet' and is the tenth-largest body observed directly orbiting the Sun.
Pluto
91.1%
a vegetable.
Including other genetic and scientific reasons, they also have seeds, juice and skin (which is red). They are a fruit.
Tomatoes
89.8%
a number.
It is a concept of continuation and limitlessness.
Infinity
85.7%
made of lead.
The core of these writing utensils is composed of graphite and clay. Graphite was originally thought to be lead ore but this is now known not to be true
Pencil
84.5%
a bear.
This Australian native is an arboreal marsupial which got its nick name from settlers in the late 18th century due to its similarity in appearance to bears.
The Koala
81.6%
blue.
But it looks that way because the elements floating around here scatter blue light much more efficiently than the other colors.
The Atmosphere
77.8%
Egyptian.
She was Macedonian, and with her son Caesarion, the last Pharaohs of Egypt.
Cleopatra VII
77%
a color that makes bulls charge.
They'll charge whichever object is moving the most.
Red
74%
a hole.
There is no hole in this layer of the atmosphere, but a significant seasonal and total reduction in trioxygen molecules over the past few decades.
The Ozone Hole
68.8%
a donkey.
This classic arcade game character is an ape. And the original hero was not called Mario. He was Jumpman.
Donkey Kong
67.7%
the southern-most US state.
It is second. Hawaii holds that honor... farther south than Mexico City.
Florida
64.9%
Technically, this is not actually Answer % Correct
that short.
The French inch was longer than the British inch. It is estimated he was actually 5' 6' tall, slightly taller than the average French men of the time.
Napoleon Bonaparte
64%
a nut.
Though the name may hint otherwise, it is a species in the legume (bean) family.
Peanut
63.5%
the Capital City of Canada
It is, however, the capital of Ontario. Ottawa is the capital of Canada. Go Sens!
Toronto
63.2%
a massive independent country.
It is an autonomous region within the Kingdom of Denmark.
Greenland
55.2%
a doctor.
But it was one of Theodor Geisel's pen names.
Dr. Seuss
50.8%
a pig.
And these little critters originated in the Andean region of South America, not in Africa as the name may suggest.
Guinea Pig
50.2%
a bone.
It is the longest unprotected nerve, called the ulnar nerve.
Funny Bone
49.4%
1024 bytes.
2 to the power of 10 is 1024 which, according to standards organizations, should be called a Kibibyte. This denotes 1000 bytes or 10 to the power of 3.
A Kilobyte
49.2%
a man.
Despite rampant rumours to the contrary, Stefani Germanotta is indeed all woman.
Lady Gaga
40.3%
a fish.
They are free-swimming members of the phylum Cnidaria. They are not made out of strawberry preserves either.
Jellyfish
37.8%
feline intestines.
It is a type of cord that is prepared from the natural fiber in the walls of animal intestines. Usually sheep or goat innards are used.
Catgut
33.3%
cheese.
Also called 'brawn', it is a meat jelly made with flesh from the head of a calf or pig. Or it's your boss, who also is not made of cheese.
Head Cheese
27.4%

You're not logged in!

Compare scores with friends on all Sporcle quizzes.
OR
Log In

You Might Also Like...

Show Comments

Extras

Top Quizzes Today


Score Distribution

Your Account Isn't Verified!

In order to create a playlist on Sporcle, you need to verify the email address you used during registration. Go to your Sporcle Settings to finish the process.

Report this User

Report this user for behavior that violates our Community Guidelines.

Details: